000 00595cam a22001577a 4500
008 180718b1997 xxu||||| |||| 00| 0 eng d
082 _aAPPPA 96-97 MAL
100 _aMalik, Seema
245 _aStudy to examine the controversies and conflicts between the union and the states in the realm of education in India
_cby Seema Malik
260 _aNew Delhi
_bIndian Institute of Public Administration
_c1997
300 _a131p.
500 _aAn APPPA M.Phil dissertation, 1996-97
650 _aAPPPA
650 _aEducational evaluation - India
650 _aEducational law and legislation - India
999 _c482096
_d482096